000 00904nam a22001937a 4500
999 _c59109
_d59109
003 Ge_BSU
005 20221125162602.0
008 221125s1981ge xxu||||| |||| 00| 0 geo d
041 _ageo
080 _a821.353.1-4+53 ფ-23
100 _aფანჯიკიძე, გურამ, ავტ.
_916118
245 _aადამიანი, ენერგია, ატომი... :
_b[ნარკვევები] /
_cგურამ ფანჯიკიძე, რედ.ნონა ქართველიშვილი.
264 _aთბილისი :
_bნაკადული,
_c1981.
300 _a254 გვ. ;
_b 22 სმ.
653 _aადამიანი, ენერგია, ატომი
653 _aნარკვევები
700 _aქართველიშვილი, ნონა
_eრედაქტორი
_916119
942 _2udc
_cBK